Datum a čas kvízu
28
Celkem bodů
Celkový počet nahraných bodů na tomto kvízu bez doplňovacích otázek.
5.
Pořadí na kvízu
Konečné umístění týmu na tomto kvízu.
Zaznamenané odpovědi
| # | Otázka | Odpověď | Body | Výsledky |
|---|---|---|---|---|
| 1. | Minulý týden policie informova... | škvor | 1 | |
| 2. | Ve které zemi byl minulý týden... | v Číně | 1 | |
| 3. | Jedna televizní stanice ukonči... | MTV | 1 | |
| 4. | Který ostrovní stát zavedl jak... | Island | 1 | |
| 5. | Co se zoufale snažil najít na... | vylomený zub | 1 | |
| 6. | Mezi nejúspěšnější sourozence... | 2008; 2012 | 0 | |
| 7. | Sourozenci Taschlerovi nás rep... | Natálie; Filip | 0 | |
| 8. | Opomenout v tomto tématu nesmí... | 7,5 km; 6 km | 1 | |
| 9. | Nyní bude vaším úkolem uhodnou... | v triatlonu | 0 | |
| 10. | Na závěr se podíváme na krasob... | B) USA | 0 |